000 00370nam a2200133Ia 4500
008 151001s9999||||xx |||||||||||||| ||und||
100 _aकुमार जोथिश
245 _aअसंच का ? तसंच का ?
250 _a1
260 _bबुकमार्क प्रकाशन
260 _c२०१३
300 _a176
365 _b21
999 _c1002186
_d1002183